00841nam a22002657a 45000010005000000030006000050050017000110080041000280200018000690400029000870500015001160820008001311000016001392450066001552500041002212600036002623000060002985050007003585200082003655210018004475210019004656500031004846500028005157000032005438022FISKH20250819100134.0250819b cb ||||| |||| 00| 0 eng d a9780698114357 aFISKHbengcFISKHdFISKH aPZ7.W187 C a813 aWard, Cindy aCookie's week /cBy Cindy Week ; Illustrated by Tomie dePaola aThis edition first published in 1998 aNew York :bPenguinYoung,c1998 a28 unumbered pages :bcolor illustrations ;c18 x 20 cm aG  aCookie the cat gets into a different kind of mischief every day of the week. 8 a360 bLexile 8 aG bRaz-Plus  2Days of the weekaCalendar 2Tomie dePaolaaMischief adePaola, Tomiedillustrator